All Death Songs - Statistics

General Stats
  • This quiz has been taken 4 times
  • The average score is 56 of 62
Answer Stats
Answer % Correct
1,000 Eyes
100%
Altering the Future
100%
Baptized In Blood
100%
Bite The Pain
100%
Cosmic Sea
100%
Crystal Mountain
100%
Defensive Personalities
100%
Secret Face
100%
Empty Words
100%
Evil Dead
100%
Flattening of Emotions
100%
Flesh and the Power it Holds
100%
Individual Thought Patterns
100%
Infernal Death
100%
Jealousy
100%
Killing Spree
100%
Lack of Comprehension
100%
Left To Die
100%
Leprosy
100%
Low Life
100%
Misanthrope
100%
Open Casket
100%
Out Of Touch
100%
Overactive Imagination
100%
Painkiller
100%
Perennial Quest
100%
Primitive Ways
100%
Regurgitated Guts
100%
Sacred Serenity
100%
Sacrificial
100%
Scavenger of Human Sorrow
100%
Scream Bloody Gore
100%
Spirit Crusher
100%
Spiritual Healing
100%
Symbolic
100%
The Philosopher
100%
To Forgive is to Suffer
100%
Together As One
100%
Trapped in a Corner
100%
Vacant Planets
100%
Voice of the Soul
100%
Within The Mind
100%
Without Judgement
100%
Zero Tolerance
100%
Zombie Ritual
100%
A Moment of Clarity
75%
Destiny
75%
Genetic Reconstruction
75%
In Human Form
75%
Living Monstrosity
75%
Mentally Blind
75%
Mutilation
75%
Story To Tell
75%
Suicide Machine
75%
Torn To Pieces
75%
Born Dead
50%
Choke On It
50%
Denial Of Life
50%
Forgotten Past
50%
Nothing is Everything
50%
Pull the Plug
50%
See Through Dreams
50%
No matching quizzes found
Score Distribution
Percent of People with Each Score
Percentile by Number Answered
Your Score History
You have not taken this quiz